<?xml version="1.0" encoding="UTF-8"?>
<record
    xmlns:xsi="http://www.w3.org/2001/XMLSchema-instance"
    xsi:schemaLocation="http://www.loc.gov/MARC21/slim http://www.loc.gov/standards/marcxml/schema/MARC21slim.xsd"
    xmlns="http://www.loc.gov/MARC21/slim">

  <leader>00671nam a22001937a 4500</leader>
  <datafield tag="999" ind1=" " ind2=" ">
    <subfield code="c">166662</subfield>
    <subfield code="d">166662</subfield>
  </datafield>
  <controlfield tag="005">20190802122632.0</controlfield>
  <datafield tag="010" ind1=" " ind2=" ">
    <subfield code="a">UR-10330</subfield>
  </datafield>
  <datafield tag="020" ind1=" " ind2=" ">
    <subfield code="c">400.00</subfield>
    <subfield code="a">9789388356428</subfield>
  </datafield>
  <datafield tag="035" ind1=" " ind2=" ">
    <subfield code="a">U-8885</subfield>
  </datafield>
  <datafield tag="037" ind1=" " ind2=" ">
    <subfield code="b">DBAD/PUB</subfield>
  </datafield>
  <datafield tag="082" ind1=" " ind2=" ">
    <subfield code="a">840.1</subfield>
  </datafield>
  <datafield tag="100" ind1=" " ind2=" ">
    <subfield code="a">&#x634;&#x631; &#x64A;&#x641; &#x627; &#x62D;&#x645;&#x62F; &#x642;&#x631; &#x64A;&#x634;&#x6CC;</subfield>
  </datafield>
  <datafield tag="245" ind1=" " ind2=" ">
    <subfield code="a">&#x646;&#x642;&#x648; &#x634; &#x622; &#x648; &#x627; &#x632; </subfield>
    <subfield code="c">&#x634;&#x631; &#x64A;&#x641; &#x627; &#x62D;&#x645;&#x62F; &#x642;&#x631; &#x64A;&#x634;&#x6CC;      </subfield>
  </datafield>
  <datafield tag="246" ind1=" " ind2=" ">
    <subfield code="b">Naqoosh-e-Aawaz (Urdu)</subfield>
    <subfield code="a">by Sharif Ahmad Qureshi </subfield>
  </datafield>
  <datafield tag="260" ind1=" " ind2=" ">
    <subfield code="a">Delhi</subfield>
    <subfield code="b">Educational Publishing House </subfield>
    <subfield code="c">2018 &#x621;  </subfield>
  </datafield>
  <datafield tag="270" ind1=" " ind2=" ">
    <subfield code="a">3191,Vakil Street,Kucha Pandit,Lal Kuan,</subfield>
    <subfield code="b">Delhi</subfield>
    <subfield code="e">110006</subfield>
    <subfield code="k">23214465</subfield>
    <subfield code="l">00911123211540</subfield>
  </datafield>
  <datafield tag="300" ind1=" " ind2=" ">
    <subfield code="a">352 &#x635;</subfield>
    <subfield code="c">22 Cm(Hb)</subfield>
  </datafield>
  <datafield tag="942" ind1=" " ind2=" ">
    <subfield code="2">ddc</subfield>
    <subfield code="c">UR</subfield>
    <subfield code="h">840.1</subfield>
    <subfield code="m">&#x642; &#x631; &#x6D2;   </subfield>
  </datafield>
  <datafield tag="952" ind1=" " ind2=" ">
    <subfield code="0">0</subfield>
    <subfield code="1">0</subfield>
    <subfield code="4">0</subfield>
    <subfield code="7">1</subfield>
    <subfield code="8">NFIC</subfield>
    <subfield code="a">DBAD</subfield>
    <subfield code="b">DBAD</subfield>
    <subfield code="d">2019-08-02</subfield>
    <subfield code="e">DBAD/PUB</subfield>
    <subfield code="g">400.00</subfield>
    <subfield code="l">0</subfield>
    <subfield code="o">840.1 &#x642; &#x631; &#x6D2;</subfield>
    <subfield code="p">U-8885</subfield>
    <subfield code="r">2019-08-02 00:00:00</subfield>
    <subfield code="t">1</subfield>
    <subfield code="v">400.00</subfield>
    <subfield code="w">2019-08-02</subfield>
    <subfield code="y">UR</subfield>
  </datafield>
</record>
